[Event "CYCC U10 w"]
[Site "Sault Ste-Marie CAN"]
[Date "2017.07.07"]
[Round "3"]
[White "Siahou, Audrey"]
[Black "Ai, Amy"]
[Result "0-1"]
[WhiteElo "794"]
[BlackElo "1260"]
[WhiteFideId "-1"]
[WhiteFideId "-1"]
[PlyCount "130"]
[GameId "2160767908344701"]
[EventDate "2017.07.06"]
[EventType "swiss"]
[EventRounds "7"]
[EventCountry "CAN"]
[SourceTitle "EXT 2022"]
[Source "ChessBase"]
[SourceDate "2021.10.06"]
[SourceVersion "1"]
[SourceVersionDate "2021.10.06"]
[SourceQuality "1"]

1. e4 e5 2. Nf3 Nc6 3. Bc4 Bc5 4. O-O d6 5. h3 Nf6 6. Re1 O-O 7. c3 Nxe4 8. Rxe4 d5 9. Re1 dxc4 10. Nxe5 Nxe5 11. Rxe5 Bd6 12. Re1 Re8 13. b3 cxb3 14. axb3 Bf5 15. Na3 c6 16. Bb2 Rxe1+ 17. Qxe1 Qe8 18. c4 c5 19. Qe3 f6 20. Re1 Qxe3 21. dxe3 Kf7 22. Rd1 Rd8 23. Nb5 Bh2+ 24. Kxh2 Rxd1 25. Nxa7 Rb1 26. Ba3 Rxb3 27. Bxc5 Rc3 28. g4 Rxc4 29. Bd4 Bd7 30. Kg3 b5 31. Nxb5 Bxb5 32. f4 Ke6 33. Kh4 g6 34. g5 f5 35. Kg3 Rc2 36. Bg7 Kd5 37. Kf3 Be2+ 38. Kg3 Ke4 39. Kf2 Bd3+ 40. Kg3 Kxe3 41. Be5 Bf1 42. h4 Rg2+ 43. Kh3 Rxg5+ 44. Kh2 Rg4 45. h5 Rxf4 46. Bxf4+ Kxf4 47. hxg6 hxg6 48. Kg1 Ba6 49. Kf2 g5 50. Kg2 g4 51. Kf2 g3+ 52. Kg2 Bb7+ 53. Kg1 Kg4 54. Kf1 f4 55. Kg1 f3 56. Kf1 g2+ 57. Kf2 Kh3 58. Kg1 Bc6 59. Kf2 Kh2 60. Ke1 g1=Q+ 61. Kd2 f2 62. Kc3 f1=Q 63. Kb4 Qc1 64. Kb3 Qb6+ 65. Ka2 Qcb2# 0-1

[Event "CYCC U10 w"]
[Site "Sault Ste-Marie CAN"]
[Date "2017.07.07"]
[Round "3"]
[White "Surya, Dania"]
[Black "Pobereshnikova, Faina"]
[Result "1-0"]
[WhiteElo "918"]
[BlackElo "893"]
[WhiteFideId "-1"]
[WhiteFideId "-1"]
[PlyCount "47"]
[GameId "2160767908344702"]
[EventDate "2017.07.06"]
[EventType "swiss"]
[EventRounds "7"]
[EventCountry "CAN"]
[SourceTitle "EXT 2022"]
[Source "ChessBase"]
[SourceDate "2021.10.06"]
[SourceVersion "1"]
[SourceVersionDate "2021.10.06"]
[SourceQuality "1"]

1. e4 e5 2. Nf3 Nc6 3. Bc4 Bc5 4. c3 Nf6 5. d3 d6 6. h3 Be6 7. Bb5 a6 8. Ba4 O-O 9. Bg5 h6 10. Bh4 Ne7 11. Bxf6 gxf6 12. O-O f5 13. Nbd2 Ng6 14. Re1 fxe4 15. Nxe4 Bb6 16. Bc2 Nh4 17. Ng3 Bd5 18. Nxh4 Qxh4 19. d4 exd4 20. Qd3 Kg7 21. Nf5+ Kf6 22. Nxh4 Kg7 23. Qh7+ Kf6 24. Qxh6# 1-0

[Event "CYCC U10 w"]
[Site "Sault Ste-Marie CAN"]
[Date "2017.07.07"]
[Round "3"]
[White "Vozian, Emilia"]
[Black "Liao, Jodie"]
[Result "1/2-1/2"]
[WhiteElo "1071"]
[BlackElo "800"]
[WhiteFideId "-1"]
[WhiteFideId "-1"]
[PlyCount "55"]
[GameId "2160767908344703"]
[EventDate "2017.07.06"]
[EventType "swiss"]
[EventRounds "7"]
[EventCountry "CAN"]
[SourceTitle "EXT 2022"]
[Source "ChessBase"]
[SourceDate "2021.10.06"]
[SourceVersion "1"]
[SourceVersionDate "2021.10.06"]
[SourceQuality "1"]

1. e4 e5 2. Nf3 Nc6 3. Nc3 Nf6 4. d4 exd4 5. Nxd4 Bc5 6. Be3 O-O 7. Nxc6 bxc6 8. Bxc5 Re8 9. Bd3 d5 10. f3 dxe4 11. Nxe4 Bf5 12. Qe2 Qd5 13. Bc4 Qe5 14. Bf2 Qxb2 15. O-O Nxe4 16. fxe4 Bxe4 17. Bd4 Qxd4+ 18. Kh1 Bxg2+ 19. Qxg2 Qxc4 20. Rg1 Qd4 21. Rad1 Qf6 22. Rdf1 Qg6 23. Qf3 Qe6 24. Qg3 Qe4+ 25. Rg2 g6 26. Qxc7 Rf8 27. Rf4 Qd5 28. c4 1/2-1/2

[Event "CYCC U10 w"]
[Site "Sault Ste-Marie CAN"]
[Date "2017.07.07"]
[Round "3"]
[White "Zhang, Joyce"]
[Black "Chi, Sarah"]
[Result "1-0"]
[WhiteElo "863"]
[BlackElo "691"]
[WhiteFideId "-1"]
[WhiteFideId "-1"]
[PlyCount "101"]
[GameId "2160767908344705"]
[EventDate "2017.07.06"]
[EventType "swiss"]
[EventRounds "7"]
[EventCountry "CAN"]
[SourceTitle "EXT 2022"]
[Source "ChessBase"]
[SourceDate "2021.10.06"]
[SourceVersion "1"]
[SourceVersionDate "2021.10.06"]
[SourceQuality "1"]

1. e4 e5 2. Nf3 Nc6 3. Bc4 Bc5 4. O-O Nf6 5. Nc3 d6 6. h3 Bd7 7. d3 O-O 8. Be3 Bxe3 9. fxe3 Re8 10. Qe2 Be6 11. Bb3 Bxb3 12. axb3 Nd7 13. Nd5 Nb6 14. Nxb6 cxb6 15. d4 exd4 16. exd4 d5 17. Qf2 Rxe4 18. Rad1 Qe7 19. Rfe1 a5 20. c4 dxc4 21. bxc4 Rd8 22. b3 Rd6 23. d5 Nb8 24. Rxe4 Qxe4 25. Re1 f5 26. Rxe4 fxe4 27. Nd2 Rd7 28. Nxe4 Re7 29. Ng3 Nd7 30. Nf5 Re8 31. Nd6 Re7 32. Qf5 g6 33. Qg5 Re5 34. Qd8+ Kg7 35. Qxd7+ Kf6 36. Qxb7 Kg5 37. Nf7+ Kf5 38. Nxe5 Kxe5 39. Qxb6 g5 40. d6 Ke4 41. d7 Kd3 42. d8=Q+ Kc3 43. Qxa5+ Kxb3 44. Qdc7 h5 45. Qb5+ Kc3 46. c5 Kd4 47. Qg7+ Kd5 48. c6+ Ke4 49. c7 Kf4 50. Qd4+ Kg3 51. Qb3# 1-0

[Event "CYCC U10 w"]
[Site "Sault Ste-Marie CAN"]
[Date "2017.07.07"]
[Round "4"]
[White "Ai, Amy"]
[Black "Ksenych, Alexz"]
[Result "1/2-1/2"]
[WhiteElo "1260"]
[BlackElo "931"]
[WhiteFideId "-1"]
[WhiteFideId "-1"]
[PlyCount "114"]
[GameId "2160767908344706"]
[EventDate "2017.07.06"]
[EventType "swiss"]
[EventRounds "7"]
[EventCountry "CAN"]
[SourceTitle "EXT 2022"]
[Source "ChessBase"]
[SourceDate "2021.10.06"]
[SourceVersion "1"]
[SourceVersionDate "2021.10.06"]
[SourceQuality "1"]

1. e4 d5 2. exd5 Nf6 3. d4 Bg4 4. Be2 Bxe2 5. Nxe2 Qxd5 6. O-O Nc6 7. Nbc3 Qh5 8. Ng3 Qxd1 9. Rxd1 O-O-O 10. Be3 e5 11. dxe5 Rxd1+ 12. Rxd1 Ng4 13. Bf4 Ngxe5 14. a3 f6 15. h3 Bc5 16. b4 Bd4 17. Nb5 Rd8 18. Nxd4 Rxd4 19. Rxd4 Nxd4 20. Bxe5 fxe5 21. c4 Nc2 22. a4 Nxb4 23. f3 Kd7 24. Kf2 g6 25. Ne4 Kc6 26. Kg3 Kb6 27. Kg4 Ka5 28. Nc3 Nc6 29. Kg5 Kb4 30. Nd5+ Kxa4 31. Nxc7 a5 32. Kh6 Ne7 33. Kxh7 Kb4 34. Nb5 Kxc4 35. Nd6+ Kb3 36. Nxb7 Kb4 37. Nxa5 Kxa5 38. Kg7 g5 39. Kf6 Nd5+ 40. Kxg5 Ne3 41. h4 Nxg2 42. h5 Nf4 43. h6 Ne6+ 44. Kf6 Nf8 45. Kxe5 Kb6 46. f4 Kc7 47. Kf6 Kd7 48. Kf7 Nh7 49. Kg7 Ke7 50. f5 Ng5 51. f6+ Ke8 52. Kg6 Nf7 53. Kg7 Ng5 54. Kg8 Nh7 55. f7+ Ke7 56. Kg7 Nf8 57. Kg8 Nh7 1/2-1/2

[Event "CYCC U10 w"]
[Site "Sault Ste-Marie CAN"]
[Date "2017.07.07"]
[Round "4"]
[White "Chi, Sarah"]
[Black "Carrier, Sophie"]
[Result "1-0"]
[WhiteElo "691"]
[BlackElo "821"]
[WhiteFideId "-1"]
[WhiteFideId "-1"]
[PlyCount "43"]
[GameId "2160767908344707"]
[EventDate "2017.07.06"]
[EventType "swiss"]
[EventRounds "7"]
[EventCountry "CAN"]
[SourceTitle "EXT 2022"]
[Source "ChessBase"]
[SourceDate "2021.10.06"]
[SourceVersion "1"]
[SourceVersionDate "2021.10.06"]
[SourceQuality "1"]

1. e4 e5 2. Nf3 d5 3. exd5 Qf6 4. g3 Bb4 5. Nc3 Ne7 6. Bg2 e4 7. Nxe4 Qf5 8. a3 Qxe4+ 9. Kf1 Bd7 10. axb4 Bb5+ 11. d3 Qxb4 12. Bd2 Qxb2 13. Rc1 O-O 14. Bf4 h5 15. Bxc7 Nxd5 16. Be5 f6 17. Bxb2 g5 18. h4 g4 19. Nd4 Bd7 20. Bxd5+ Kh8 21. Qd2 f5 22. Qh6# 1-0

[Event "CYCC U10 w"]
[Site "Sault Ste-Marie CAN"]
[Date "2017.07.07"]
[Round "4"]
[White "Jiang, Kate"]
[Black "Surya, Dania"]
[Result "1-0"]
[WhiteElo "875"]
[BlackElo "918"]
[WhiteFideId "-1"]
[WhiteFideId "-1"]
[PlyCount "61"]
[GameId "2160767908344708"]
[EventDate "2017.07.06"]
[EventType "swiss"]
[EventRounds "7"]
[EventCountry "CAN"]
[SourceTitle "EXT 2022"]
[Source "ChessBase"]
[SourceDate "2021.10.06"]
[SourceVersion "1"]
[SourceVersionDate "2021.10.06"]
[SourceQuality "1"]

1. e4 d5 2. exd5 Qxd5 3. Nc3 Qa5 4. Nf3 Bg4 5. Be2 Nc6 6. d4 O-O-O 7. Ng5 Rxd4 8. Bxg4+ e6 9. Qf3 Ne5 10. Bxe6+ fxe6 11. Qxf8+ Kd7 12. Qxg7+ Kc6 13. Qxh8 Ne7 14. O-O b5 15. Qxe5 Rd6 16. Nge4 Qb6 17. Nxd6 cxd6 18. Qxe6 Qc7 19. Bg5 Nc8 20. Qd5+ Kd7 21. Qxb5+ Qc6 22. Qxc6+ Kxc6 23. Rad1 Nb6 24. f4 Nc4 25. Rde1 Nxb2 26. f5 Kc5 27. f6 Kb4 28. f7 Kxc3 29. f8=Q Kxc2 30. Qxd6 a5 31. Rc1# 1-0

[Event "CYCC U10 w"]
[Site "Sault Ste-Marie CAN"]
[Date "2017.07.07"]
[Round "4"]
[White "Knowles, Isabelle"]
[Black "Zhang, Joyce"]
[Result "0-1"]
[WhiteElo "1047"]
[BlackElo "863"]
[WhiteFideId "-1"]
[WhiteFideId "-1"]
[PlyCount "152"]
[GameId "2160767908344709"]
[EventDate "2017.07.06"]
[EventType "swiss"]
[EventRounds "7"]
[EventCountry "CAN"]
[SourceTitle "EXT 2022"]
[Source "ChessBase"]
[SourceDate "2021.10.06"]
[SourceVersion "1"]
[SourceVersionDate "2021.10.06"]
[SourceQuality "1"]

1. e4 c5 2. Nf3 d6 3. d4 cxd4 4. Nxd4 Nc6 5. Nc3 Nf6 6. Bb5 Bd7 7. O-O e5 8. Nxc6 Bxc6 9. Bxc6+ bxc6 10. Qf3 h6 11. Bd2 Be7 12. b4 d5 13. exd5 cxd5 14. Qd3 O-O 15. Qg3 g5 16. Qxe5 Qd6 17. Qxd6 Bxd6 18. b5 Bb4 19. Rab1 Ba5 20. Rfd1 Nd7 21. Nxd5 Bxd2 22. Rxd2 Rad8 23. Re1 Rfe8 24. Rde2 Rxe2 25. Rxe2 Kf8 26. a4 Rc8 27. Ne7 Re8 28. Ng6+ fxg6 29. Rxe8+ Kxe8 30. Kf1 Kd8 31. Ke2 Nc5 32. a5 Na4 33. Kd3 Kc7 34. Kc4 Nb2+ 35. Kb3 Nd1 36. f3 Ne3 37. g3 g4 38. fxg4 Nxg4 39. h3 Nf2 40. h4 Ne4 41. g4 Nf2 42. g5 hxg5 43. hxg5 Ne4 44. c4 Nd6 45. c5 Nb7 46. b6+ axb6 47. cxb6+ Kb8 48. a6 Nc5+ 49. Kb4 Nxa6+ 50. Kb5 Kb7 51. Ka5 Nb8 52. Kb5 Nd7 53. Kc4 Ne5+ 54. Kd5 Nf3 55. Ke4 Nxg5+ 56. Kf4 Ne6+ 57. Ke5 Nf8 58. Kf6 Kxb6 59. Kg5 Kc6 60. Kh4 Kd5 61. Kg4 Ke5 62. Kg5 Ke6 63. Kh6 Kf5 64. Kg7 g5 65. Kh6 Kf4 66. Kh5 g4 67. Kh4 Kf3 68. Kg5 g3 69. Kh6 g2 70. Kg7 g1=Q+ 71. Kh8 Ne6 72. Kh7 Qg5 73. Kh8 Kf4 74. Kh7 Kf5 75. Kh8 Kf6 76. Kh7 Qg7# 0-1

[Event "CYCC U10 w"]
[Site "Sault Ste-Marie CAN"]
[Date "2017.07.07"]
[Round "4"]
[White "Liao, Jodie"]
[Black "Hua, Michelle"]
[Result "0-1"]
[WhiteElo "800"]
[BlackElo "1461"]
[WhiteFideId "-1"]
[WhiteFideId "-1"]
[PlyCount "116"]
[GameId "2160767908344710"]
[EventDate "2017.07.06"]
[EventType "swiss"]
[EventRounds "7"]
[EventCountry "CAN"]
[SourceTitle "EXT 2022"]
[Source "ChessBase"]
[SourceDate "2021.10.06"]
[SourceVersion "1"]
[SourceVersionDate "2021.10.06"]
[SourceQuality "1"]

1. e4 c5 2. Nf3 d6 3. d4 cxd4 4. Nxd4 Nf6 5. Nc3 g6 6. Bg5 Bg7 7. Bc4 O-O 8. O-O Nc6 9. Nf3 Bd7 10. Re1 h6 11. Be3 Ng4 12. h3 Nge5 13. Nxe5 Nxe5 14. Bd5 Nc6 15. Qd2 Kh7 16. Bxc6 Bxc6 17. Nd5 Bxd5 18. Qxd5 Bxb2 19. Rab1 Bc3 20. Red1 b6 21. Qc4 Bg7 22. Bf4 Rc8 23. Qb3 Rc3 24. Qb4 Qc7 25. Rdc1 Rxc2 26. Rxc2 Qxc2 27. a4 Qd3 28. Re1 Rc8 29. Re3 Qc4 30. Qxc4 Rxc4 31. Ra3 Rxe4 32. Be3 Rc4 33. a5 Be5 34. axb6 axb6 35. Ra7 Rb4 36. Kf1 Bf6 37. Rb7 Kg7 38. Bxb6 Kh7 39. Ke2 Bd4 40. Rxe7 Rxb6 41. Rxf7+ Kg8 42. Re7 Rb5 43. Kd3 Bxf2 44. Re6 Kf7 45. Rxd6 Rg5 46. g4 Ra5 47. Rd7+ Ke6 48. Rh7 Ra3+ 49. Ke4 Rxh3 50. Kf4 Be3+ 51. Ke4 Bg5 52. Rh8 Rg3 53. Rg8 Rxg4+ 54. Kf3 Rf4+ 55. Ke3 Rf8+ 56. Ke4 Rxg8 57. Kf3 Bc1 58. Ke4 h5 0-1

[Event "CYCC U10 w"]
[Site "Sault Ste-Marie CAN"]
[Date "2017.07.07"]
[Round "4"]
[White "Pobereshnikova, Faina"]
[Black "Deng, Joyce"]
[Result "1-0"]
[WhiteElo "893"]
[BlackElo "1000"]
[WhiteFideId "-1"]
[WhiteFideId "-1"]
[PlyCount "88"]
[GameId "2160767908344711"]
[EventDate "2017.07.06"]
[EventType "swiss"]
[EventRounds "7"]
[EventCountry "CAN"]
[SourceTitle "EXT 2022"]
[Source "ChessBase"]
[SourceDate "2021.10.06"]
[SourceVersion "1"]
[SourceVersionDate "2021.10.06"]
[SourceQuality "1"]

1. e4 e5 2. Bc4 Bc5 3. Nf3 Nc6 4. Nc3 Nf6 5. d3 d6 6. Be3 Bb4 7. a3 Bxc3+ 8. bxc3 h6 9. Rb1 b6 10. O-O O-O 11. Re1 Bb7 12. d4 Na5 13. Bd3 Qd7 14. dxe5 dxe5 15. Nxe5 Qd6 16. Nc4 Nxc4 17. Bxc4 Nxe4 18. Rb3 Rad8 19. Qxd6 Nxd6 20. Bd3 Be4 21. Bf4 Bd5 22. Rbb1 Ba2 23. Rb2 Bc4 24. Bxd6 Rfe8 25. Rxe8+ Rxe8 26. h3 Bxd3 27. Bxc7 Re1+ 28. Kh2 b5 29. cxd3 a6 30. c4 Re7 31. Ba5 f6 32. Rd2 Kf7 33. d4 Rd7 34. Kg1 Kg6 35. Kf1 Kf5 36. Ke1 Ke4 37. Ke2 Rxd4 38. Bb4 Rxd2+ 39. Kxd2 Kd4 40. Bf8 a5 41. Bxg7 b4 42. axb4 a4 43. Bxh6 Kxc4 44. Kc2 f5 1-0

[Event "CYCC U10 w"]
[Site "Sault Ste-Marie CAN"]
[Date "2017.07.07"]
[Round "4"]
[White "Tao, Kaitlyn"]
[Black "Vozian, Emilia"]
[Result "0-1"]
[WhiteElo "778"]
[BlackElo "1071"]
[WhiteFideId "-1"]
[WhiteFideId "-1"]
[PlyCount "106"]
[GameId "2160767908344712"]
[EventDate "2017.07.06"]
[EventType "swiss"]
[EventRounds "7"]
[EventCountry "CAN"]
[SourceTitle "EXT 2022"]
[Source "ChessBase"]
[SourceDate "2021.10.06"]
[SourceVersion "1"]
[SourceVersionDate "2021.10.06"]
[SourceQuality "1"]

1. e4 e5 2. Nf3 Nc6 3. Bc4 Nf6 4. d3 d5 5. Bb5 Bd7 6. Bg5 Be7 7. Nc3 dxe4 8. dxe4 O-O 9. O-O Bg4 10. Qxd8 Raxd8 11. Be2 h6 12. Bh4 Bxf3 13. Bxf3 Nd4 14. Bxf6 Bxf6 15. Bd1 c5 16. Rc1 Bg5 17. Rb1 Rd6 18. g3 Rf6 19. Ne2 Nf3+ 20. Kg2 Nd2 21. h4 Nxb1 22. hxg5 hxg5 23. c3 Nd2 24. Rh1 Rh6 25. Rxh6 gxh6 26. Ng1 Nxe4 27. Bf3 Nf6 28. b4 g4 29. Be2 b5 30. a3 Nd5 31. Bd3 Nxc3 32. Ne2 Nxe2 33. Bxe2 f5 34. Bd1 Rd8 35. Bb3+ Kf8 36. Be6 f4 37. gxf4 exf4 38. Bxg4 Rd3 39. f3 Ke7 40. Kh3 Rxa3 41. Kh4 a5 42. bxa5 Rxa5 43. Bf5 b4 44. Kg4 c4 45. Kxf4 c3 46. Kg4 b3 47. f4 c2 48. Bxc2 bxc2 49. f5 c1=Q 50. Kh4 Qg5+ 51. Kh3 Ra3+ 52. Kh2 Qg3+ 53. Kh1 Ra1# 0-1

[Event "CYCC U10 w"]
[Site "Sault Ste-Marie CAN"]
[Date "2017.07.08"]
[Round "5"]
[White "Carrier, Sophie"]
[Black "Boucher, Anne-Marie"]
[Result "0-1"]
[WhiteElo "821"]
[BlackElo "817"]
[WhiteFideId "-1"]
[WhiteFideId "-1"]
[PlyCount "90"]
[GameId "2160767908410250"]
[EventDate "2017.07.06"]
[EventType "swiss"]
[EventRounds "7"]
[EventCountry "CAN"]
[SourceTitle "EXT 2022"]
[Source "ChessBase"]
[SourceDate "2021.10.06"]
[SourceVersion "1"]
[SourceVersionDate "2021.10.06"]
[SourceQuality "1"]

1. e4 e5 2. Qf3 Nf6 3. Bb5 Bc5 4. Qd3 a6 5. Bxd7+ Nbxd7 6. Nf3 O-O 7. O-O Ng4 8. h3 Ngf6 9. b3 b6 10. Ng5 h6 11. Nf3 Bb7 12. a3 Bxe4 13. Qc3 Nd5 14. Qc4 N7f6 15. Nxe5 Qd6 16. Bb2 Nf4 17. g3 Nxh3+ 18. Kh2 Ng5 19. d3 Bf3 20. Nxf3 Nxf3+ 21. Kg2 Qc6 22. d4 Nd2+ 23. d5 Nxc4 24. dxc6 Nxb2 25. Ra2 Bd4 26. c3 Rad8 27. cxd4 Nd3 28. Rd1 Rxd4 29. Nd2 Re8 30. Nf3 Rd5 31. Rc2 Ng4 32. Rc4 Ngxf2 33. g4 Nxd1 34. Ra4 Re2+ 35. Kf1 Rf2+ 36. Kg1 Rxf3 37. Rxa6 N3b2 38. Ra7 Rd2 39. Ra8+ Kh7 40. Re8 Rff2 41. Re1 b5 42. Re7 Nc3 43. Rxc7 Rfe2 44. Rxf7 Nd5 45. Rd7 Rd1# 0-1

[Event "CYCC U10 w"]
[Site "Sault Ste-Marie CAN"]
[Date "2017.07.08"]
[Round "5"]
[White "Deng, Joyce"]
[Black "Chi, Sarah"]
[Result "0-1"]
[WhiteElo "1000"]
[BlackElo "691"]
[WhiteFideId "-1"]
[WhiteFideId "-1"]
[PlyCount "38"]
[GameId "2160767908410251"]
[EventDate "2017.07.06"]
[EventType "swiss"]
[EventRounds "7"]
[EventCountry "CAN"]
[SourceTitle "EXT 2022"]
[Source "ChessBase"]
[SourceDate "2021.10.06"]
[SourceVersion "1"]
[SourceVersionDate "2021.10.06"]
[SourceQuality "1"]

1. e4 e5 2. Bc4 Nf6 3. Nc3 Bb4 4. Nf3 Nc6 5. Ng5 O-O 6. O-O b6 7. d3 Bb7 8. Bd2 Nd4 9. a3 Bxc3 10. Bxc3 d5 11. Bxd4 exd4 12. e5 dxc4 13. exf6 Qxf6 14. Nf3 Rfe8 15. Qd2 Bxf3 16. gxf3 Qxf3 17. dxc4 Re6 18. Qxd4 Rg6+ 19. Qg4 Rxg4# 0-1

[Event "CYCC U10 w"]
[Site "Sault Ste-Marie CAN"]
[Date "2017.07.08"]
[Round "5"]
[White "Ksenych, Alexz"]
[Black "Hua, Michelle"]
[Result "0-1"]
[WhiteElo "931"]
[BlackElo "1461"]
[WhiteFideId "-1"]
[WhiteFideId "-1"]
[PlyCount "110"]
[GameId "2160767908410252"]
[EventDate "2017.07.06"]
[EventType "swiss"]
[EventRounds "7"]
[EventCountry "CAN"]
[SourceTitle "EXT 2022"]
[Source "ChessBase"]
[SourceDate "2021.10.06"]
[SourceVersion "1"]
[SourceVersionDate "2021.10.06"]
[SourceQuality "1"]

1. d4 Nf6 2. f3 d5 3. e4 dxe4 4. Nc3 exf3 5. Nxf3 Bg4 6. h3 Bh5 7. g4 Bg6 8. Ne5 e6 9. Bg2 c6 10. h4 h6 11. Nxg6 fxg6 12. Qd3 Qd7 13. Qxg6+ Qf7 14. Qxf7+ Kxf7 15. Rf1 Ke8 16. Bf3 Bd6 17. Be3 Nbd7 18. O-O-O Ke7 19. g5 hxg5 20. Bxg5 Rae8 21. Bxf6+ Nxf6 22. Ne4 Nxe4 23. Bxe4 Rxh4 24. Bg6 Rf8 25. Rxf8 Kxf8 26. Rf1+ Rf4 27. Rxf4+ Bxf4+ 28. Kd1 Ke7 29. Ke2 Kf6 30. Kf3 Kxg6 31. Kxf4 Kf6 32. c3 b6 33. b4 b5 34. a3 a6 35. Kg4 Kg6 36. Kf4 Kh5 37. Kg3 Kg5 38. Kf3 Kh4 39. Kg2 Kg4 40. Kg1 Kg3 41. Kh1 Kf2 42. Kh2 g5 43. Kh3 Kf3 44. Kh2 g4 45. Kg1 Kg3 46. Kf1 Kh2 47. Ke2 g3 48. Ke3 g2 49. Ke4 g1=Q 50. Ke5 Qe3+ 51. Kd6 Qe4 52. Kc5 Qd5+ 53. Kb6 Kg3 54. Ka5 Kf4 55. Kxa6 Kf5 0-1

[Event "CYCC U10 w"]
[Site "Sault Ste-Marie CAN"]
[Date "2017.07.08"]
[Round "5"]
[White "Pobereshnikova, Faina"]
[Black "Jiang, Kate"]
[Result "1/2-1/2"]
[WhiteElo "893"]
[BlackElo "875"]
[WhiteFideId "-1"]
[WhiteFideId "-1"]
[PlyCount "135"]
[GameId "2160767908410254"]
[EventDate "2017.07.06"]
[EventType "swiss"]
[EventRounds "7"]
[EventCountry "CAN"]
[SourceTitle "EXT 2022"]
[Source "ChessBase"]
[SourceDate "2021.10.06"]
[SourceVersion "1"]
[SourceVersionDate "2021.10.06"]
[SourceQuality "1"]

1. e4 e5 2. Bc4 Nc6 3. Nf3 Nf6 4. d3 Bc5 5. Nc3 d6 6. Be3 Bb6 7. O-O Bg4 8. h3 Bh5 9. Qe2 O-O 10. Bg5 Nd4 11. Qd1 Nxf3+ 12. gxf3 c6 13. a3 h6 14. Bh4 g5 15. Bg3 Qd7 16. Kg2 Rfe8 17. a4 d5 18. exd5 cxd5 19. Bb5 Qf5 20. Bxe8 Rxe8 21. Re1 Ba5 22. Rb1 Bb4 23. Re2 Bxf3+ 24. Kh2 Bxe2 25. Qxe2 g4 26. hxg4 Nxg4+ 27. Kg2 Nf6 28. Bh4 Bxc3 29. bxc3 b6 30. Bxf6 Qxf6 31. d4 e4 32. Rb5 Qc6 33. Qh5 Qg6+ 34. Qxg6+ fxg6 35. Rxd5 Rc8 36. Rd6 Rxc3 37. Rxg6+ Kh7 38. Rg4 Rxc2 39. Rxe4 Rd2 40. Re7+ Kg6 41. Rd7 h5 42. d5 Kg5 43. d6 Kh4 44. Rd8 a6 45. d7 b5 46. axb5 axb5 47. Rb8 Rxd7 48. Rxb5 Rg7+ 49. Kh2 Rf7 50. Rb2 Rf4 51. Kg2 Kg4 52. Kh2 h4 53. Kg2 h3+ 54. Kh2 Kh4 55. Re2 Kg4 56. Rd2 Rf8 57. Rd4+ Kf3 58. Kxh3 Kxf2 59. Rd1 Rf3+ 60. Kg4 Rg3+ 61. Kf4 Ra3 62. Rd2+ Ke1 63. Rh2 Ra4+ 64. Kf3 Ra3+ 65. Ke4 Ra4+ 66. Kd3 Ra3+ 67. Ke4 Ra4+ 68. Kd3 1/2-1/2

[Event "CYCC U10 w"]
[Site "Sault Ste-Marie CAN"]
[Date "2017.07.08"]
[Round "5"]
[White "Siahou, Audrey"]
[Black "Knowles, Isabelle"]
[Result "0-1"]
[WhiteElo "794"]
[BlackElo "1047"]
[WhiteFideId "-1"]
[WhiteFideId "-1"]
[PlyCount "116"]
[GameId "2160767908410255"]
[EventDate "2017.07.06"]
[EventType "swiss"]
[EventRounds "7"]
[EventCountry "CAN"]
[SourceTitle "EXT 2022"]
[Source "ChessBase"]
[SourceDate "2021.10.06"]
[SourceVersion "1"]
[SourceVersionDate "2021.10.06"]
[SourceQuality "1"]

1. e4 e5 2. Nf3 Nc6 3. Bb5 a6 4. Bxc6 dxc6 5. d4 exd4 6. Qxd4 Qxd4 7. Nxd4 Bc5 8. Nb3 Bd6 9. Nc3 Nf6 10. Be3 Bb4 11. Bd2 Bxc3 12. Bxc3 Nxe4 13. O-O O-O 14. Rfe1 Nxc3 15. bxc3 Bf5 16. Rac1 b5 17. Nd4 Bd7 18. Rcd1 Rfe8 19. Nb3 Rxe1+ 20. Rxe1 Re8 21. Rxe8+ Bxe8 22. Nc5 a5 23. Na6 Kf8 24. Kf1 Ke7 25. Nc5 Bd7 26. Ke2 Kd6 27. Nxd7 Kxd7 28. Kd3 Kd6 29. a3 Kd5 30. g3 c5 31. Kd2 b4 32. a4 Kc4 33. f4 bxc3+ 34. Kc1 Kb4 35. g4 Kxa4 36. h4 Kb4 37. f5 Kc4 38. g5 f6 39. gxf6 gxf6 40. Kb1 Kd4 41. Ka2 Ke4 42. Kb3 Kf4 43. Kxc3 Kg4 44. Kc4 Kxh4 45. Kxc5 Kg5 46. Kb5 h5 47. Kxa5 h4 48. Kb5 h3 49. Kc6 h2 50. Kxc7 h1=Q 51. c4 Qc1 52. Kb6 Qxc4 53. Ka5 Qb3 54. Ka6 Kxf5 55. Ka5 Ke5 56. Ka6 Kd6 57. Ka5 Kc5 58. Ka6 Qb6# 0-1

[Event "CYCC U10 w"]
[Site "Sault Ste-Marie CAN"]
[Date "2017.07.08"]
[Round "5"]
[White "Surya, Dania"]
[Black "Zhang, Joyce"]
[Result "1-0"]
[WhiteElo "918"]
[BlackElo "863"]
[WhiteFideId "-1"]
[WhiteFideId "-1"]
[PlyCount "71"]
[GameId "2160767908410256"]
[EventDate "2017.07.06"]
[EventType "swiss"]
[EventRounds "7"]
[EventCountry "CAN"]
[SourceTitle "EXT 2022"]
[Source "ChessBase"]
[SourceDate "2021.10.06"]
[SourceVersion "1"]
[SourceVersionDate "2021.10.06"]
[SourceQuality "1"]

1. e4 c5 2. d4 cxd4 3. c3 dxc3 4. Nxc3 Nc6 5. Nf3 d6 6. Bb5 Bd7 7. O-O a6 8. Ba4 b5 9. Bb3 h6 10. Re1 e5 11. Qd5 Qe7 12. Be3 Nf6 13. Qd2 Be6 14. Bc2 Qc7 15. Rad1 Be7 16. Nh4 Rd8 17. Nf5 Rh7 18. Nxe7 Qxe7 19. Nd5 Qf8 20. Nxf6+ gxf6 21. Bb6 Rb8 22. Bc7 Rc8 23. Bxd6 Qg8 24. Re3 Rg7 25. f4 exf4 26. Bxf4 Rd8 27. Qf2 Rxd1+ 28. Bxd1 Rg6 29. Bh5 Rg7 30. Bxh6 Rh7 31. Qxf6 Qh8 32. Qxe6+ Ne7 33. Rc3 Kd8 34. Qd6+ Ke8 35. Rd3 Nc6 36. Qd7# 1-0

[Event "CYCC U10 w"]
[Site "Sault Ste-Marie CAN"]
[Date "2017.07.08"]
[Round "5"]
[White "Vozian, Emilia"]
[Black "Ai, Amy"]
[Result "0-1"]
[WhiteElo "1071"]
[BlackElo "1260"]
[WhiteFideId "-1"]
[WhiteFideId "-1"]
[PlyCount "160"]
[GameId "2160767908410257"]
[EventDate "2017.07.06"]
[EventType "swiss"]
[EventRounds "7"]
[EventCountry "CAN"]
[SourceTitle "EXT 2022"]
[Source "ChessBase"]
[SourceDate "2021.10.06"]
[SourceVersion "1"]
[SourceVersionDate "2021.10.06"]
[SourceQuality "1"]

1. e4 e5 2. Nf3 Nc6 3. Nc3 Nf6 4. d4 d6 5. Bb5 a6 6. Bxc6+ bxc6 7. dxe5 Nd7 8. exd6 cxd6 9. O-O Be7 10. Bf4 Nb6 11. e5 d5 12. Re1 O-O 13. Qd2 Nc4 14. Qc1 Bb4 15. a3 Bxc3 16. bxc3 Qa5 17. Bd2 Bd7 18. Qd1 Bg4 19. Be3 Qxc3 20. Bd4 Qa5 21. Qd3 h6 22. h3 Be6 23. Nd2 Nxd2 24. Bc3 Nf3+ 25. Qxf3 Qc7 26. Qg3 Rfe8 27. Bd2 Kh8 28. Bf4 Qd7 29. Re3 Bf5 30. Qh4 Qe7 31. Qxe7 Rxe7 32. Rc1 Rb8 33. Re2 Rb2 34. Be3 Rxe5 35. Kf1 Re6 36. g4 Bh7 37. Rd2 Kg8 38. Rd4 Rxc2 39. Rxc2 Bxc2 40. Rb4 a5 41. Rb8+ Kh7 42. Bd2 a4 43. Rb7 Kg6 44. f4 f5 45. gxf5+ Bxf5 46. h4 c5 47. Rc7 c4 48. Bc3 Kh5 49. Rxg7 Rg6 50. Rf7 Kg4 51. Ke2 Kxf4 52. h5 Re6+ 53. Kd1 Ke4 54. Rd7 Bg4+ 55. Kd2 Bxh5 56. Kc2 Be8 57. Rd8 h5 58. Be1 d4 59. Rc8 c3 60. Bxc3 dxc3 61. Rxc3 Rc6 62. Rxc6 Bxc6 63. Kd2 h4 64. Ke2 Kd4 65. Kf2 Kc3 66. Kg1 Kb3 67. Kh2 Kxa3 68. Kh3 Kb3 69. Kxh4 a3 70. Kg4 a2 71. Kf4 a1=Q 72. Kf5 Qe1 73. Kf6 Qe4 74. Kg5 Qf3 75. Kg6 Be4+ 76. Kg7 Qf5 77. Kg8 Qd7 78. Kf8 Bg6 79. Kg8 Qf7+ 80. Kh8 Qh7# 0-1